QCM : Le 1er mai - Statistiques

Statistiques générales
  • Ce quiz a été pris 50 fois
  • Le résultat moyen est 7 sur 20
Statistiques - réponses
Question Réponse % Correct
La nuit du 1er mai s'oppose dans la mythologie celte à celle de Halloween qu'ils appelaient Samain
70%
C'est un roi de France qui a initié la tradition d'offrir un brin de muguet comme porte-bonheur, il s'agit de Charles IX
60%
Le muguet est de la même famille que le lys
60%
Au XIXe siècle, un muguet est... un jeune homme élégant
60%
En France on célèbre les noces de muguet après 13 ans de mariage
50%
Chez les Celtes c'était le jour de Beltaine
50%
C'est à partir du milieu du XXe siècle que les travailleurs adoptent le muguet, auparavant ils arboraient de l'églantine rouge
40%
Le 1er mai est décrété journée des travailleurs en 1886 aux Etats-Unis
40%
Sous la Révolution, le 1er mai est un jour du mois de Floréal
30%
Qu'est ce qui est faux concernant le muguet ? le muguet n'a que deux feuilles par plan
30%
Autrefois à Paris, la cathédrale se voyait offrir chaque année un tableau appelé "May". Il était le cadeau de la confrérie des Orfèvres
30%
Le signe astrologique le 1er mai est le Taureau
30%
Quand l'année est bissextile le 1er mai est le 122e jour de l'année
20%
On appelle Muguet bleu... la jacinthe des bois
20%
En Suisse le 1er mai est traditionnellement le jour du printemps
20%
Sous les Romains, on célébrait ce jour Bona Dea, la déesse de la chasteté que l'Eglise va remplacer par... Ste Anne
20%
Le "brin de muguet" est une variété de tomates
20%
Le 1er mai, les jeunes gens déposaient autrefois devant la porte, sur le toit ou contre le mur des maisons des parents de jeunes filles quelque chose qui indiquait leurs intentions à l'égard de celles-ci... une branche d'arbre
20%
Quel saint n'a pas sa fête ce jour-là ? Philippe
10%
Le 1er mai est aussi la fête de l'amour en Tchéquie
0%
Aucun quiz correspondant
Distribution des résultats
% des personnes avec chaque résultat
Percentile par nombre de réponses
Votre historique - résultats
Vous n’avez pas pris ce quiz